La gran depresión del siglo XXI inaugura la administración Obama /
El autor hace un análisis de la crisis financiera global del 2007, para comprenderla como algo más que una crisis económica a escala global, sino como una crisis de civilización. Se postula que la crisis nace de una brecha creciente entre la economía financiera (a la cual el autor llama economía &qu...
Guardat en:
| Autor principal: | |
|---|---|
| Format: | Text |
| Matèries: | |
| Etiquetes: |
Afegir etiqueta
Sense etiquetes, Sigues el primer a etiquetar aquest registre!
|
MARC
| LEADER | 00000 a a2200000 04500 | ||
|---|---|---|---|
| 001 | 43533 | ||
| 003 | |||
| 040 | |||
| 100 | |a Dierckxsens, Wim | ||
| 245 | |a La gran depresión del siglo XXI inaugura la administración Obama / |c Wim Dierckxsens | ||
| 520 | |a El autor hace un análisis de la crisis financiera global del 2007, para comprenderla como algo más que una crisis económica a escala global, sino como una crisis de civilización. Se postula que la crisis nace de una brecha creciente entre la economía financiera (a la cual el autor llama economía "ficticia") y la economía real de bienes y servicios (economía del plusvalor). Se vislumbra un panorama sombrío, cargado de conflictos geopolíticos y el colapso del dólar. | ||
| 590 | |a RRH/SETIEMBRE2013 | ||
| 650 | |a 1.CRISIS ECONOMICA | ||
| 650 | |a 2.MERCADO FINANCIERO | ||
| 650 | |a 3.CRECIMIENTO ECONOMICO | ||
| 650 | |a 4.GEOPOLITICA | ||
| 650 | |a 5.CAPITALISMO | ||
| 773 | |g páginas 2-17 : gráficos | ||
| 999 | |c 30836 |d 30836 | ||
